Contemporary communication systems using MATLAB / (Record no. 190334)

000 -LEADER
fixed length control field 01219 a2200253 4500
003 - CONTROL NUMBER IDENTIFIER
control field Nust
005 - DATE AND TIME OF LATEST TRANSACTION
control field 20220817111349.0
010 ## - LIBRARY OF CONGRESS CONTROL NUMBER
LC control number 99048385
020 ## - INTERNATIONAL STANDARD BOOK NUMBER
International Standard Book Number 0534371736 (alk. paper)
040 ## - CATALOGING SOURCE
Transcribing agency Nust
082 00 - DEWEY DECIMAL CLASSIFICATION NUMBER
Classification number 621.38216,PRO
100 1# - MAIN ENTRY--PERSONAL NAME
Personal name Proakis, John G.
9 (RLIN) 662
245 10 - TITLE STATEMENT
Title Contemporary communication systems using MATLAB /
Statement of responsibility, etc. John G. Proakis, Masoud Salehi.
250 ## - EDITION STATEMENT
Edition statement Updated print.
260 ## - PUBLICATION, DISTRIBUTION, ETC.
Place of publication, distribution, etc. Pacific Grove, CA :
Name of publisher, distributor, etc. Brooks/Cole,
Date of publication, distribution, etc. 2000.
300 ## - PHYSICAL DESCRIPTION
Extent xiii, 428 p. :
Other physical details ill. ;
Dimensions 23 cm.
490 1# - SERIES STATEMENT
Series statement BookWare companion series
505 ## - FORMATTED CONTENTS NOTE
Formatted contents note Signals and Linear Systems (Page-1), Random Process (Page-47), Analog Modulation (Page-81), Analog to Digital Conversion (Page-142), Baseband Digital Transmission (Page-175), Digital Transmission Trough Band limited channels (Page-228), Digital Transmission via Carrier Modulation (Page-286), Channel Capacity and Coding (Page-344), Spread Spectrum Communication Systems (Page-392),
650 #0 - SUBJECT ADDED ENTRY--TOPICAL TERM
Topical term or geographic name entry element Telecommunication engineering
General subdivision Computer simulation.
9 (RLIN) 97646
650 #0 - SUBJECT ADDED ENTRY--TOPICAL TERM
Topical term or geographic name entry element Telecommunication systems
General subdivision Computer simulation.
9 (RLIN) 97647
700 1# - ADDED ENTRY--PERSONAL NAME
Personal name Salehi, Masoud.
9 (RLIN) 97648
830 #0 - SERIES ADDED ENTRY--UNIFORM TITLE
Uniform title BookWare companion series (Pacific Grove, Calif.)
9 (RLIN) 82524
942 ## - ADDED ENTRY ELEMENTS (KOHA)
Source of classification or shelving scheme
Koha item type Book
Holdings
Withdrawn status Lost status Source of classification or shelving scheme Damaged status Not for loan Permanent Location Current Location Shelving location Date acquired Full call number Barcode Date last seen Price effective from Koha item type Public note
          Military College of Signals (MCS) Military College of Signals (MCS) General Stacks 12/12/2016 621.38216,PRO MCS35928 12/08/2016 12/12/2016 Book Almirah No.36, Shelf No.2
          Military College of Signals (MCS) Military College of Signals (MCS) Reference 12/12/2016 621.38216,PRO MCS35929 12/08/2016 12/12/2016 Reference Almirah No.22, Shelf No.3
© 2023 Central Library, National University of Sciences and Technology. All Rights Reserved.